[Event "Hebraica op 31st"]
[Site "Hebraica"]
[Date "2023.07.01"]
[Round "4"]
[White "Fonseca, Daniel Tiepo"]
[Black "Gongora, Valmir"]
[Result "0-1"]
[WhiteElo "1800"]
[BlackElo "1281"]
[PlyCount "68"]
[EventDate "2023.06.30"]
[EventType "swiss"]
[EventRounds "6"]
[EventCountry "BRA"]
[SourceTitle "CBM 215 Extra"]
[Source "ChessBase"]
[SourceDate "2023.09.30"]
[SourceVersion "1"]
[SourceVersionDate "2023.09.30"]
[SourceQuality "1"]

1. d4 Nf6 2. Bf4 d6 3. c3 g6 4. Nf3 Bg7 5. Qc1 0-0 6. Bh6 Re8 7. Bxg7 Kxg7 8. Qg5 h6 9. Qg3 Nbd7 10. h4 Nh5 11. Qh2 Ndf6 12. Nbd2 Ng4 13. Qg1 Nhf6 14. Nh2 Nxh2 15. Qxh2 e5 16. dxe5 Rxe5 17. f3 Nd5 18. 0-0-0 Ne3 19. g4 Nxd1 20. Kxd1 Qd7 21. Kc1 Qa4 22. f4 Re7 23. h5 Bxg4 24. hxg6 h5 25. gxf7 Rxf7 26. Rg1 Rh8 27. Bh3 Qxf4 28. Rg3 Rh6 29. Qg2 Rg6 30. e3 Qf2 31. Bxg4 Qxg2 32. Rxg2 Rxg4 33. Rxg4+ hxg4 34. Kd1 g3 0-1